Normal view
MARC view
- Mehmood, Kiran
Entry Personal Name
001 - CONTROL NUMBER
- control field: 114349
003 - CONTROL NUMBER IDENTIFIER
- control field: NUST
005 - DATE AND TIME OF LATEST TRANSACTION
- control field: 20230831115841.0
008 - FIXED-LENGTH DATA ELEMENTS
- fixed length control field: 230831|| aca||aabn | a|a d
040 ## - CATALOGING SOURCE
- Original cataloging agency: NUST
- Transcribing agency: NUST
100 ## - HEADING--PERSONAL NAME
- Personal name: Mehmood, Kiran
670 ## - SOURCE DATA FOUND
- Source citation: Work cat.: (NUST): Mehmood, Kiran, Towards a generic deep model: Human gait analysis using wearable devices for smart health care in internet of health things
